Najludniejsze państwo na daną literę - Statystyki

Ogólne statystyki
  • Ten quiz został rozwiązany 314 razy
  • Średni wynik to 14 z 24
Statystyki odpowiedzi
Litera Kraj % Poprawnych
C Chiny
93%
B Brazylia
88%
I Indie
82%
A Argentyna
78%
Ł Łotwa
75%
O Oman
75%
R Rosja
74%
J Japonia
69%
E Etiopia
62%
F Filipiny
62%
H Hiszpania
61%
S Stany Zjednoczone
60%
Z Zambia
60%
V Vanuatu
58%
D Demokratyczna Republika Konga
57%
T Turcja
56%
N Nigeria
53%
P Pakistan
51%
U Uganda
47%
M Meksyk
44%
W Wietnam
41%
G Ghana
34%
K Korea Południowa
33%
L Laos
33%
Nie znaleziono quizów pasujących do podanych kryteriów
Rozkład punktacji
Procent ludzi z każdym wynikiem
Percentyl według liczby udzielonych odpowiedzi
Twoja historia wyników
Nie rozwiązałeś tego quizu